[Event "Teteven op 32nd"]
[Site "Teteven"]
[Date "2018.08.18"]
[Round "8"]
[White "Savov, Ilko Ananiev"]
[Black "Doykov, Stoycho"]
[Result "1-0"]
[WhiteElo "1905"]
[BlackElo "1784"]
[PlyCount "105"]
[EventDate "2018.08.11"]
[EventType "swiss"]
[EventRounds "9"]
[EventCountry "BUL"]
[SourceTitle "CBM 186 Extra"]
[Source "ChessBase"]
[SourceDate "2018.08.24"]
[SourceVersion "1"]
[SourceVersionDate "2018.08.24"]
[SourceQuality "1"]

1. e4 c5 2. Nf3 d6 3. b4 b6 4. bxc5 dxc5 5. Bc4 e6 6. 0-0 Nf6 7. Re1 Be7 8. d3 0-0 9. a4 Nc6 10. Bb2 Bb7 11. Nbd2 Qc7 12. Qe2 Rfe8 13. Bb3 Rad8 14. Nc4 h6 15. Rad1 a6 16. c3 b5 17. axb5 axb5 18. Ne3 b4 19. cxb4 Nxb4 20. Nc4 Ba6 21. Nfe5 Rf8 22. f4 Nd7 23. Nxd7 Rxd7 24. Qg4 g6 25. Ne5 Kh7 26. f5 g5 27. fxe6 f5 28. exf5 Rxd3 29. Nxd3 Nxd3 30. Qe4 Qf4 31. Qxf4 gxf4 32. f6 f3 33. Rxd3 Bxd3 34. gxf3 Bxf6 35. Bxf6 Rxf6 36. e7 Bb5 37. e8Q Bxe8 38. Rxe8 Rxf3 39. Bd5 Ra3 40. Re6 Kg7 41. Rc6 Rc3 42. Kg2 Rc1 43. Kg3 Rg1+ 44. Kf4 Rf1+ 45. Ke5 Rf2 46. h3 Re2+ 47. Be4 Re3 48. Rg6+ Kf7 49. Rxh6 Re1 50. Rh7+ Kg8 51. Rc7 Rc1 52. Kf6 Rf1+ 53. Bf5 1-0

[Event "Ruse Cup 1st"]
[Site "Ruse"]
[Date "2017.04.29"]
[Round "2"]
[White "Savov, Ilko Ananiev"]
[Black "Luca, Ionel"]
[Result "0-1"]
[WhiteElo "1867"]
[BlackElo "2089"]
[PlyCount "160"]
[EventDate "2017.04.29"]
[EventType "swiss"]
[EventRounds "7"]
[EventCountry "BUL"]
[SourceTitle "CBM 178 Extra"]
[Source "ChessBase"]
[SourceDate "2017.06.22"]
[SourceVersion "1"]
[SourceVersionDate "2017.06.22"]
[SourceQuality "1"]

1. a3 d5 2. d4 Bf5 3. c4 Nc6 4. Nc3 e6 5. Nf3 Nf6 6. Nh4 Bg6 7. Nxg6 hxg6 8. Bg5 Be7 9. e3 Nd7 10. Bxe7 Nxe7 11. Qb3 c6 12. Qxb7 Rb8 13. Qxa7 Rxb2 14. Rb1 Rxb1+ 15. Nxb1 Nf5 16. Nd2 0-0 17. Bd3 e5 18. Bxf5 gxf5 19. 0-0 Re8 20. cxd5 cxd5 21. dxe5 Nxe5 22. h3 Qd6 23. Rd1 Qc6 24. Qd4 Qc2 25. Nf3 Nxf3+ 26. gxf3 Rd8 27. a4 Rd6 28. Kf1 Qc6 29. a5 Qb5+ 30. Qd3 Qxa5 31. Qxf5 Qa6+ 32. Qd3 Qc8 33. Ke2 Qxh3 34. Rb1 Qc8 35. Rb2 Qc7 36. Rb5 Qd8 37. Qb3 Kh7 38. Qb1+ g6 39. Qh1+ Kg7 40. Qa1+ Kh7 41. Qh1+ Kg7 42. Qa1+ Qf6 43. Qxf6+ Kxf6 44. Kd3 Ke6 45. Kd4 Ra6 46. Rb4 Rc6 47. f4 Rc2 48. f3 Rd2+ 49. Kc3 Rf2 50. Rb6+ Ke7 51. Rb7+ Ke6 52. Rb6+ Ke7 53. Rb7+ Kf8 54. Rd7 Rxf3 55. Kd4 Rf1 56. Ke5 Re1 57. Kf6 Rxe3 58. Rxf7+ Ke8 59. Ra7 Re4 60. Ra5 d4 61. Rd5 Rxf4+ 62. Ke5 Rf3 63. Rxd4 Ke7 64. Rf4 Re3+ 65. Re4 Ra3 66. Rf4 Ra5+ 67. Ke4 Ke6 68. Kf3 Ra1 69. Kf2 Ra3 70. Rf8 Ra5 71. Kg3 Rg5+ 72. Kf2 Ke5 73. Rf7 Ke4 74. Rf8 Rg4 75. Rf7 Rf4+ 76. Rxf4+ Kxf4 77. Kg2 Kg4 78. Kf2 Kh3 79. Kf3 g5 80. Kf2 g4 0-1